Statistics for The Slovenian Quiz (quiz about Slovenia)

Click here to take the quiz!

General Stats

  • This quiz has been taken 385 times
  • The average score is 13 of 20

Answer Stats

Hint Answer % Correct
CapitalLjubljana
98%
Year of Slovenian independence1991
88%
Once "our" city, now in ItalyTrieste
88%
Second largest cityMaribor
87%
Best football club (currently)NK Maribor
87%
Highest MountainTriglav
78%
World famous tourist spot in Upper Carniola (lake&island)Bled
75%
Longest RiverSava
72%
Biggest animal in SloveniaBrown bear
71%
Biggest sea-portKoper
70%
Place of world-famous cavePostojna
67%
Best (female) skierTina Maze
61%
Ski-jumping centerPlanica
57%
Best known poem writerFrance Preseren
54%
National airlinesAdria
54%
Basketball player (hint: Miami Heat)Goran Dragic
53%
Nuclear powerplantKrsko
51%
Tunnel to AustriaKaravanke
47%
Easternmost regionPrekmurje
46%
Musician (hint: from Beltinci, Prekmurje)Vlado Kreslin
33%

Score Distribution

Percentile by Number Answered

Percent of People with Each Score

Your Score History

You have not taken this quiz